Identidade social e étnica: elementos para uma leitura situacional e histórica da interação cultural /
En este se elaboración algunas reflexiones sobre las posibilidades del uso del concepto de etnicidad y otros aspectos de la identidad, para comprender la dinámica de las sociedades tradicionales. Para ejemplificar dicho análisis se parte de la propuesta de Fredrik Barth, el cual comprende la etnicid...
Guardat en:
| Autor principal: | |
|---|---|
| Format: | Text |
| Matèries: | |
| Etiquetes: |
Afegir etiqueta
Sense etiquetes, Sigues el primer a etiquetar aquest registre!
|
MARC
| LEADER | 00000 a a2200000 04500 | ||
|---|---|---|---|
| 001 | 43498 | ||
| 003 | |||
| 040 | |||
| 100 | |a Fabbro, Eduardo | ||
| 245 | |a Identidade social e étnica: |b elementos para uma leitura situacional e histórica da interação cultural / |c Eduardo Fabbro | ||
| 520 | |a En este se elaboración algunas reflexiones sobre las posibilidades del uso del concepto de etnicidad y otros aspectos de la identidad, para comprender la dinámica de las sociedades tradicionales. Para ejemplificar dicho análisis se parte de la propuesta de Fredrik Barth, el cual comprende la etnicidad como una frontera y no como una característica biológica, superando este concepto para elaboración el de "etnicidad situacional". | ||
| 590 | |a SJB//JULIO2012 | ||
| 650 | |a 1.IDENTIDAD SOCIAL | ||
| 650 | |a 2.IDENTIDAD CULTURAL | ||
| 650 | |a 3.ETNICIDAD | ||
| 650 | |a 4.ANTROPOLOGIA | ||
| 773 | |g volumen14, número26 ( , 2009), páginas 77-89 | ||
| 999 | |c 26746 |d 26746 | ||
